Bên kia dòng sông Mây : Tập truyện ngắn

Αποθηκεύτηκε σε:
Λεπτομέρειες βιβλιογραφικής εγγραφής
Κύριος συγγραφέας: Tống, Ngọc Hân
Μορφή: Βιβλίο
Γλώσσα:Undetermined
Έκδοση: Hà Nội Hội Nhà văn 2019
Θέματα:
Ετικέτες: Προσθήκη ετικέτας
Δεν υπάρχουν, Καταχωρήστε ετικέτα πρώτοι!
Thư viện lưu trữ: Trung tâm Học liệu Trường Đại học Cần Thơ
LEADER 00632nam a2200205Ia 4500
001 CTU_235629
008 210402s9999 xx 000 0 und d
082 |a 895.922334 
082 |b H121 
100 |a Tống, Ngọc Hân 
245 0 |a Bên kia dòng sông Mây : 
245 0 |b Tập truyện ngắn 
245 0 |c Tống Ngọc Hân 
260 |a Hà Nội 
260 |b Hội Nhà văn 
260 |c 2019 
650 |a Truyện ngắn, Việt Nam,Short stories, Vietnamese 
650 |y Thế kỷ 20,20th century 
910 |b dqhieu 
980 |a Trung tâm Học liệu Trường Đại học Cần Thơ